Put the Alphabet Back into the Numbers - Click Quiz - Statistics

General Stats
  • This quiz has been taken 626 times
  • The average score is 20 of 26
Answer Stats
Hint Explanation Answer % Correct
UADRUPLE QUADRUPLE Q
88%
DOULE DOUBLE B
87%
SINLE SINGLE G
86%
NIE NINE N
86%
FORTEEN FOURTEEN U
86%
ERO ZERO Z
86%
FIST FIRST R
85%
EN TEN T
85%
SEEN SEVEN V
85%
OUR FOUR F
84%
SI SIX X
84%
MILLON MILLION I
83%
TRIPE TRIPLE L
83%
THOUSANTH THOUSANDTH D
81%
IGHT EIGHT E
81%
TO TWO W
79%
TENT TENTH H
77%
ILOBYTE KILOBYTE K
76%
GOGOL GOOGOL O
71%
ONE TIE ONE TIME M
70%
TWOOME TWOSOME S
69%
FORT FORTY Y
69%
MYRID MYRIAD A
68%
I PI P
64%
ONE ONCE C
57%
ACOBSTHAL NUMBER JACOBSTHAL NUMBER J
44%
No matching quizzes found
Score Distribution
Percent of People with Each Score
Percentile by Number Answered
Your Score History
You have not taken this quiz